Coordinación de los gravámenes sobre los ingresos brutos (Registro nro. 27551)

Detalles MARC
000 -LEADER
fixed length control field 00347 a2200109 4500
001 - CONTROL NUMBER
control field ART_18443
005 - DATE AND TIME OF LATEST TRANSACTION
control field 20260410161919.0
008 - FIXED-LENGTH DATA ELEMENTS--GENERAL INFORMATION
fixed length control field 260409a
100 1# - MAIN ENTRY--PERSONAL NAME
Personal name Chalupowicz, Israel
245 10 - TITLE STATEMENT
Title Coordinación de los gravámenes sobre los ingresos brutos
773 0# - HOST ITEM ENTRY
Title La información
Related parts - Tomo XXXIV, Nº 561 (sep. 1976)
Record control number REV14902

No hay ítems disponibles.